[Event "World Youth Boys U18 2014"]
[Site "Durban RSA"]
[Date "2014.09.20"]
[Round "1.1"]
[White "Vaibhav, Suri"]
[Black "Abe, Mahiro"]
[Result "1-0"]
[WhiteTitle "GM"]
[WhiteElo "2521"]
[BlackElo "2146"]
[WhiteFideId "5045185"]
[BlackFideId "7000235"]
[EventDate "2014.09.20"]

1. e4 e5 2. Nf3 Nf6 3. Nxe5 d6 4. Nf3 Nxe4 5. d4 d5 6. Bd3 Nc6 7. O-O Be7 8.
Nbd2 Nxd2 9. Bxd2 Bg4 10. c3 O-O 11. h3 Bh5 12. Re1 Bd6 13. g3 Qf6 14. g4 Bf4
15. gxh5 Bxd2 16. Nxd2 Qg5+ 17. Kh1 Rae8 18. Rg1 Qf6 19. Qf3 1-0

[Event "World Youth Boys U18 2014"]
[Site "Durban RSA"]
[Date "2014.09.20"]
[Round "1.2"]
[White "Ofner, Maximilian"]
[Black "Bluebaum, Matthias"]
[Result "0-1"]
[BlackTitle "IM"]
[WhiteElo "2145"]
[BlackElo "2521"]
[WhiteFideId "1637789"]
[BlackFideId "24651516"]
[EventDate "2014.09.20"]

1. e4 e6 2. d3 d5 3. Nd2 Nf6 4. Ngf3 b6 5. g3 dxe4 6. dxe4 Bb7 7. Qe2 Nc6 8. c3
a5 9. Bg2 e5 10. O-O Bc5 11. Rd1 Ba6 12. c4 O-O 13. h3 a4 14. Rb1 Qe7 15. Nf1
Rfd8 16. Bg5 h6 17. Bxf6 Qxf6 18. b3 Qe7 19. Ne3 Bxe3 20. Qxe3 Qa3 21. Qe2 Rxd1+
22. Qxd1 Qxa2 23. bxa4 Rd8 24. Qc1 Bxc4 25. Ra1 Qe2 26. Bf1 Qxf3 27. Bxc4 Qxe4
28. Bf1 Nd4 29. Qxc7 Nf3+ 30. Kh1 Qd4 31. Rc1 g6 32. Bg2 Nd2 33. Re1 Rd6 34. Qe7
Re6 35. Qc7 Qxf2 36. Rd1 Qd4 37. Rc1 e4 38. Qb8+ Kg7 39. Rc8 Nf3 40. Rg8+ Kh7
41. Bf1 Qg1# 0-1

[Event "World Youth Boys U18 2014"]
[Site "Durban RSA"]
[Date "2014.09.20"]
[Round "1.3"]
[White "Bortnyk, Olexandr"]
[Black "De Strycker, Nathan"]
[Result "1-0"]
[WhiteTitle "IM"]
[WhiteElo "2505"]
[BlackElo "2133"]
[WhiteFideId "14120828"]
[BlackFideId "226343"]
[EventDate "2014.09.20"]

1. e4 e6 2. d4 d5 3. Nc3 Bb4 4. e5 c5 5. Bd2 Nh6 6. Nb5 Bxd2+ 7. Qxd2 O-O 8.
dxc5 Nc6 9. Nf3 f6 10. exf6 Rxf6 11. O-O-O b6 12. c4 Qe7 13. cxd5 Qxc5+ 14. Qc3
Nb4 15. Qxc5 bxc5 16. d6 Nf7 17. Nc7 Rb8 18. Bc4 Rb7 19. a3 Rf4 20. Bb5 a6 21.
d7 Bxd7 22. Rxd7 axb5 23. axb4 Rc4+ 24. Kb1 cxb4 25. Re7 1-0

[Event "World Youth Boys U18 2014"]
[Site "Durban RSA"]
[Date "2014.09.20"]
[Round "1.4"]
[White "Di Giannantonio, Nino"]
[Black "Wagner, Dennis"]
[Result "1/2-1/2"]
[WhiteTitle "FM"]
[BlackTitle "IM"]
[WhiteElo "2128"]
[BlackElo "2499"]
[WhiteFideId "119261"]
[BlackFideId "24650684"]
[EventDate "2014.09.20"]

1. e4 c5 2. Nf3 e6 3. c3 d5 4. exd5 Qxd5 5. d4 Nf6 6. Na3 Qd8 7. Nc2 Be7 8. Bd3
O-O 9. O-O b6 10. Re1 Bb7 11. Qe2 Qc7 12. Bg5 Nbd7 13. Rad1 Rad8 14. Ne3 cxd4
15. cxd4 Rfe8 16. Bb1 Nd5 17. Nxd5 Bxd5 18. Qd3 g6 19. Bxe7 Rxe7 20. Ne5 Qb7 21.
Qg3 Nf6 22. f3 Kg7 23. Qg5 Ree8 24. Nd3 Qe7 25. Nf4 Bb7 26. Qe5 Kg8 27. Be4 Bxe4
28. fxe4 Ng4 29. Qb5 Qh4 30. Nh3 h6 31. Qf1 Rd7 32. Rd3 Red8 33. Red1 h5 34. g3
Qe7 35. Nf2 Qg5 36. h4 Qb5 37. Nxg4 hxg4 38. Qg2 Qc4 39. b3 Qb4 40. d5 Qd6 41.
Qe2 exd5 42. exd5 Qc5+ 43. Qf2 Qb5 44. d6 Qb4 45. Qd4 Qxd4+ 46. Rxd4 f5 47. Kf2
Kf7 48. R4d2 Kf6 49. Kg2 Re8 50. Kf2 Re6 51. Rd3 Kf7 52. R1d2 Ke8 53. Re3 Kf7
54. Red3 Kg7 55. Rd1 Kf6 56. R1d2 Re5 57. Rd1 Rc5 58. R1d2 Rc1 59. Kg2 Re1 60.
Kf2 Re4 61. Kg2 Ke6 62. Kf2 Re5 63. Kg2 Rc5 64. Kf2 Rc6 65. Re3+ Kf6 66. Red3
Rc1 67. Kg2 Re1 68. Kf2 Re8 69. Kg2 Re6 70. Kf2 g5 71. hxg5+ Kxg5 72. Rd5 Kf6
73. R5d3 Re4 74. Kg2 Re1 75. Rd4 Ke5 76. Rd5+ Ke6 77. R5d3 Kf6 78. Rd4 Ke6 79.
R4d3 Kf6 1/2-1/2

[Event "World Youth Boys U18 2014"]
[Site "Durban RSA"]
[Date "2014.09.20"]
[Round "1.5"]
[White "Alekseenko, Kirill"]
[Black "Hackner, Oskar A"]
[Result "1-0"]
[WhiteTitle "FM"]
[WhiteElo "2483"]
[BlackElo "2102"]
[WhiteFideId "4135539"]
[BlackFideId "424188"]
[EventDate "2014.09.20"]

1. e4 e6 2. d4 d5 3. Nd2 Nf6 4. e5 Nfd7 5. f4 c5 6. c3 Nc6 7. Ndf3 cxd4 8. cxd4
f5 9. Bd3 Be7 10. Ne2 O-O 11. O-O Nb6 12. a3 a5 13. b3 Bd7 14. Nc3 Be8 15. Be3
Bh5 16. h3 Rc8 17. Na4 Nxa4 18. bxa4 Bxf3 19. Rxf3 Qb6 20. Bf1 Bd8 21. Bf2 Qa7
22. Qd2 Bb6 23. Rd1 Rf7 24. Rb3 h6 25. Kh1 Bd8 26. g4 Ne7 27. Bd3 b6 28. Rg1 Kh8
29. Be3 Qd7 30. Bb5 Qc7 31. Ba6 Ra8 32. Rc3 Qa7 33. Bd3 Rc8 34. Rxc8 Nxc8 35.
gxf5 exf5 36. Qg2 Ne7 37. e6 1-0

[Event "World Youth Boys U18 2014"]
[Site "Durban RSA"]
[Date "2014.09.20"]
[Round "1.6"]
[White "Bratkovic, Sham"]
[Black "Henriquez Villagra, Cristobal"]
[Result "0-1"]
[BlackTitle "IM"]
[WhiteElo "2093"]
[BlackElo "2466"]
[WhiteFideId "14608715"]
[BlackFideId "3409350"]
[EventDate "2014.09.20"]

1. e4 c5 2. Nf3 d6 3. d4 cxd4 4. Nxd4 Nf6 5. Nc3 Nc6 6. Bc4 Qb6 7. Ndb5 a6 8.
Be3 Qa5 9. Nd4 e6 10. O-O Be7 11. f4 O-O 12. a3 Qc7 13. Ba2 b5 14. f5 Nxd4 15.
Bxd4 e5 16. Bf2 Bb7 17. Qe2 Bc6 18. Rfd1 Rac8 19. Rac1 Rfd8 20. Rd3 Qb7 21. Nd5
Bxd5 22. Bxd5 Nxd5 23. Rxd5 Qc6 24. Qd3 Qc4 25. Bb6 Rd7 26. c3 g6 27. fxg6 hxg6
28. Rd1 Qxd3 29. R1xd3 Rc4 30. Re3 f6 31. g4 Kf7 32. Rd1 Rb7 33. Ba5 d5 34. Kg2
Rxe4 35. Rxe4 dxe4 36. h4 f5 37. h5 gxh5 38. gxf5 Kf6 39. Rh1 Kg5 40. Re1 Kxf5
41. Rf1+ Ke6 42. Re1 Rd7 43. c4 bxc4 44. Rxe4 Rd4 45. Re1 Bf6 46. Bc3 Rd3 47.
Rf1 h4 48. Rh1 h3+ 49. Rxh3 Rxh3 50. Kxh3 e4 51. Kg3 Bxc3 52. bxc3 Kf5 0-1

[Event "World Youth Boys U18 2014"]
[Site "Durban RSA"]
[Date "2014.09.20"]
[Round "1.7"]
[White "Das, Sayantan"]
[Black "Nielsen, Viktor"]
[Result "1-0"]
[WhiteTitle "IM"]
[WhiteElo "2456"]
[BlackElo "2052"]
[WhiteFideId "5034426"]
[BlackFideId "1444492"]
[EventDate "2014.09.20"]

1. e4 e5 2. Nf3 Nc6 3. Bb5 Nf6 4. O-O Nxe4 5. d4 Nd6 6. Bxc6 dxc6 7. dxe5 Nf5 8.
Qxd8+ Kxd8 9. h3 h5 10. Nc3 Ke8 11. b3 Be7 12. Bb2 Be6 13. Ne4 Nh4 14. Nxh4 Bxh4
15. Nc5 b6 16. Nxe6 fxe6 17. Rad1 c5 18. g3 Be7 19. f4 g6 20. Kg2 a5 21. a4 Rd8
22. Rxd8+ Bxd8 23. Rd1 Rh7 24. Bc1 Be7 25. Be3 Bd8 26. Kf3 Be7 27. Ke4 Bd8 28.
Rd3 Be7 29. Rd2 Bd8 30. Kd3 Rd7+ 31. Kc4 Rxd2 32. Bxd2 Kd7 33. Kd3 Ke8 34. Be1
Be7 35. Ke4 Kf7 36. Bd2 Bd8 37. Kf3 Be7 38. g4 Bh4 39. Be3 Bd8 40. Bf2 Be7 41.
Ke4 hxg4 42. hxg4 Bd8 43. Kf3 Be7 44. Kg2 Ke8 45. Kh3 Kd7 46. Bh4 Bf8 47. Bg5
Kc6 48. c4 Kd7 49. Kg3 Ke8 50. f5 gxf5 51. gxf5 Kd7 52. Kg4 Bg7 53. f6 Bf8 54.
Kh5 1-0

[Event "World Youth Boys U18 2014"]
[Site "Durban RSA"]
[Date "2014.09.20"]
[Round "1.8"]
[White "Poleg, Matan"]
[Black "Harutyunian, Tigran K."]
[Result "1/2-1/2"]
[BlackTitle "IM"]
[WhiteElo "2039"]
[BlackElo "2439"]
[WhiteFideId "2811472"]
[BlackFideId "13303635"]
[EventDate "2014.09.20"]

1. d4 Nf6 2. c4 e6 3. Nf3 d5 4. Nc3 Be7 5. Bg5 O-O 6. e3 h6 7. Bh4 b6 8. cxd5
Nxd5 9. Bxe7 Qxe7 10. Nxd5 exd5 11. Rc1 Be6 12. Qa4 c5 13. Qa3 Rc8 14. dxc5 bxc5
15. Be2 a5 16. O-O Na6 17. Bxa6 Rxa6 18. Nd4 Qa7 19. Nb3 Rac6 20. Qxa5 Qxa5 21.
Nxa5 Rb6 22. Nb3 c4 23. Nd4 Rxb2 24. Ra1 Ra8 25. a4 Ra5 26. Nc6 Ra6 27. Nd4 Ra5
28. Nc6 Rc5 29. Nd4 Bc8 30. Rfc1 c3 31. Kf1 Rc4 32. Ra3 Ba6 33. Ke1 Rbb4 34. a5
Ra4 35. Rxa4 Rxa4 36. Rxc3 Rxa5 37. Kd2 Bc4 38. Nc6 Ra4 39. Ne5 g6 40. Nxc4 dxc4
41. Rc2 Kg7 42. Kc3 Kf6 43. Kd4 h5 44. g3 Kf5 45. h3 Ke6 46. e4 Ra3 47. Rxc4 Rf3
48. Rc6+ Ke7 49. Rc2 h4 50. gxh4 Rxh3 51. Ke5 Rxh4 52. Rc7+ Kf8 53. Rc3 Kg7 54.
Rf3 Rg4 55. Rf4 Rg1 56. Kd4 Ra1 57. Ke3 Ra3+ 58. Ke2 Ra4 59. f3 f5 60. Ke3 Ra3+
61. Kf2 Kf6 62. exf5 gxf5 63. Kg3 Kg5 64. Rb4 1/2-1/2

[Event "World Youth Boys U18 2014"]
[Site "Durban RSA"]
[Date "2014.09.20"]
[Round "1.10"]
[White "Sultan, Ibrahim"]
[Black "Zenzera, Alexey"]
[Result "0-1"]
[WhiteTitle "FM"]
[BlackTitle "IM"]
[WhiteElo "2023"]
[BlackElo "2439"]
[WhiteFideId "9301143"]
[BlackFideId "4102665"]
[EventDate "2014.09.20"]

1. d4 Nf6 2. c4 e6 3. Nf3 Bb4+ 4. Nbd2 O-O 5. a3 Bxd2+ 6. Qxd2 b6 7. b4 Bb7 8.
Bb2 d6 9. e3 Nbd7 10. Be2 Qe7 11. O-O e5 12. d5 b5 13. cxb5 Bxd5 14. Rfc1 Rac8
15. Ne1 Nb6 16. a4 Bb7 17. f3 Rfd8 18. Nd3 Nbd7 19. Rc2 e4 20. Nf2 exf3 21. Bxf3
Bxf3 22. gxf3 Ne5 23. Bxe5 dxe5 24. Qc3 Nd5 25. Qc5 Qg5+ 26. Kh1 Nxe3 27. Nh3
Qf5 28. Rf2 Rd1+ 29. Rxd1 Nxd1 30. Ng1 Nxf2+ 31. Qxf2 e4 32. Qxa7 exf3 33. Qf2
Ra8 34. Nxf3 Rxa4 35. Qe2 h6 36. b6 Ra1+ 0-1

[Event "World Youth Boys U18 2014"]
[Site "Durban RSA"]
[Date "2014.09.20"]
[Round "1.11"]
[White "Csonka, Balazs"]
[Black "Kjoita, Henning"]
[Result "1-0"]
[WhiteTitle "FM"]
[WhiteElo "2412"]
[BlackElo "2010"]
[WhiteFideId "742910"]
[BlackFideId "1509861"]
[EventDate "2014.09.20"]

1. d4 Nf6 2. c4 c5 3. d5 g6 4. Nc3 d6 5. e4 Bg7 6. h3 O-O 7. Nf3 e6 8. Bd3 exd5
9. exd5 Re8+ 10. Be3 Bh6 11. O-O Bxe3 12. fxe3 Rxe3 13. Qd2 Re7 14. Ng5 Nbd7 15.
Qf4 Re5 16. Nce4 Rf5 17. Qxd6 Ne8 18. Qg3 Ndf6 19. Nxf6+ Rxf6 20. Qh4 h5 21.
Rxf6 Qxf6 22. Rf1 Qxb2 23. Nxf7 Qg7 24. Qd8 Bd7 25. Qxd7 Nf6 26. Qe6 Qxf7 27.
Rxf6 1-0

[Event "World Youth Boys U18 2014"]
[Site "Durban RSA"]
[Date "2014.09.20"]
[Round "1.12"]
[White "Kjoita, Torgeir"]
[Black "Studer, Noel"]
[Result "0-1"]
[BlackTitle "FM"]
[WhiteElo "2010"]
[BlackElo "2404"]
[WhiteFideId "1509870"]
[BlackFideId "1319620"]
[EventDate "2014.09.20"]

1. e4 e6 2. d4 d5 3. exd5 exd5 4. Bd3 Bd6 5. Nf3 Nc6 6. c3 Bg4 7. O-O Nge7 8.
Nbd2 Qd7 9. b4 a6 10. a4 O-O 11. Ba3 Ng6 12. Re1 Nf4 13. Bf1 Ne7 14. Qb3 b5 15.
Bb2 Neg6 16. axb5 axb5 17. Rxa8 Rxa8 18. g3 Qf5 19. gxf4 Bxf3 20. Nxf3 Qg4+ 21.
Bg2 Nxf4 22. Nh4 Qxh4 23. Bc1 Nxg2 24. Kxg2 Qxh2+ 25. Kf1 Qh3+ 26. Ke2 Qh5+ 27.
Kf1 Qf3 28. Kg1 Qh3 29. Re3 Bh2+ 30. Kh1 Bg3+ 0-1

[Event "World Youth Boys U18 2014"]
[Site "Durban RSA"]
[Date "2014.09.20"]
[Round "1.13"]
[White "Ruiz C, Joshua D"]
[Black "De Abreu, Roberto N"]
[Result "1-0"]
[WhiteTitle "IM"]
[BlackTitle "FM"]
[WhiteElo "2395"]
[BlackElo "2009"]
[WhiteFideId "4400704"]
[BlackFideId "14307472"]
[EventDate "2014.09.20"]

1. e4 e6 2. Qe2 c5 3. f4 Nc6 4. Nf3 Nge7 5. c3 g6 6. g3 Bg7 7. Bg2 d6 8. O-O O-O
9. d3 Rb8 10. a4 a6 11. Be3 b5 12. axb5 axb5 13. Qc2 Qb6 14. Nbd2 b4 15. Rfb1
Ba6 16. Nb3 Rfc8 17. Bf2 Bf8 18. c4 Bb7 19. e5 Nf5 20. g4 Nfd4 21. Nfxd4 Nxd4
22. Bxd4 cxd4 23. Bxb7 Rxb7 24. Qg2 Rcc7 25. Ra5 Ra7 26. Rb5 Qa6 27. Ra1 Qc8 28.
Raa5 Rxa5 29. Rxa5 d5 30. Nd2 b3 31. Ra4 Qd7 32. Ra8 Qc6 33. Rb8 Rb7 34. Rxb7
Qxb7 35. cxd5 exd5 36. Qe2 Qb5 37. Nf3 Qc5 38. Kg2 Qc1 39. e6 Be7 40. exf7+ Kxf7
41. Nxd4 Qxf4 42. Nxb3 Bf6 43. d4 Kg7 44. Nc5 Kf7 45. Nb3 Kg7 46. Qf3 Qg5 47.
Kf2 Kf7 48. Ke2 h5 49. h3 Kg8 50. Kd3 Be7 51. Nd2 Bb4 52. Nf1 Qc1 53. Qxd5+ Kh7
54. Qg2 Bd6 55. Ne3 Qb1+ 56. Qc2 Qh1 57. gxh5 gxh5 58. Qf2 Qxh3 59. Qf7+ Kh8 60.
Qf6+ 1-0

[Event "World Youth Boys U18 2014"]
[Site "Durban RSA"]
[Date "2014.09.20"]
[Round "1.14"]
[White "Nilsen, Martin"]
[Black "Javanbakht, Nima"]
[Result "0-1"]
[BlackTitle "FM"]
[WhiteElo "2003"]
[BlackElo "2364"]
[WhiteFideId "1510657"]
[BlackFideId "12510670"]
[EventDate "2014.09.20"]

1. e4 c5 2. c3 d5 3. exd5 Qxd5 4. d4 Nc6 5. Nf3 Bf5 6. Be3 cxd4 7. cxd4 Bxb1 8.
Rxb1 e6 9. a3 Nf6 10. Be2 Bd6 11. O-O O-O 12. Qa4 a6 13. b4 Rfd8 14. Rfd1 b5 15.
Qc2 Rac8 16. Qd3 Ne7 17. Bg5 Ne4 18. Bxe7 Bxe7 19. Rbc1 Bf6 20. Nd2 Rxc1 21.
Rxc1 Nxd2 22. Qxd2 Bg5 23. f4 Bf6 24. Bf3 Bxd4+ 25. Kh1 Qd7 26. Rc6 Qa7 27. Qc1
Bf6 28. Rc8 g6 29. Rxd8+ Bxd8 30. Qc5 Qd7 31. Qc3 h5 32. g3 Bb6 33. Kg2 Qd6 34.
Be2 Qd5+ 35. Bf3 Qa2+ 36. Kh3 Bg1 37. Qc8+ Kh7 38. Bg2 Qe2 39. Bf3 Qxh2# 0-1

[Event "World Youth Boys U18 2014"]
[Site "Durban RSA"]
[Date "2014.09.20"]
[Round "1.15"]
[White "Salomon, Johan"]
[Black "Holleland, Sigve"]
[Result "1-0"]
[WhiteElo "2362"]
[BlackElo "2001"]
[WhiteFideId "1509500"]
[BlackFideId "1513672"]
[EventDate "2014.09.20"]

1. d4 d5 2. c4 e6 3. Nc3 Nf6 4. cxd5 exd5 5. Bg5 Bb4 6. Qa4+ Nc6 7. e3 h6 8. Bh4
g5 9. Bg3 Ne4 10. Rc1 a6 11. Nf3 O-O 12. Be2 Re8 13. O-O Bxc3 14. bxc3 Nxg3 15.
hxg3 b5 16. Bxb5 axb5 17. Qxa8 Qd6 18. a4 Bd7 19. Qa6 Qe7 20. axb5 1-0

[Event "World Youth Boys U18 2014"]
[Site "Durban RSA"]
[Date "2014.09.20"]
[Round "1.16"]
[White "Lobersli, Henrik Oie"]
[Black "Nasuta, Grzegorz"]
[Result "1/2-1/2"]
[BlackTitle "FM"]
[WhiteElo "1950"]
[BlackElo "2361"]
[WhiteFideId "1511947"]
[BlackFideId "1141686"]
[EventDate "2014.09.20"]

1. d4 Nf6 2. c4 g6 3. Nc3 d5 4. Nf3 Bg7 5. cxd5 Nxd5 6. Bg5 c5 7. Rc1 Nxc3 8.
bxc3 O-O 9. e3 Nc6 10. Be2 Qc7 11. O-O b6 12. Qb3 Na5 13. Qa3 Nb7 14. Bf4 Nd6
15. Rfd1 Bb7 16. c4 cxd4 17. c5 bxc5 18. exd4 c4 19. Bxd6 Qxd6 20. Qxd6 exd6 21.
Bxc4 Rac8 22. Bb3 Rxc1 23. Rxc1 Bxf3 24. gxf3 Bxd4 25. Rc7 g5 26. Rd7 Bc5 27.
Kg2 Kg7 28. f4 h6 29. Kg3 Kg6 30. fxg5 hxg5 31. f4 f5 32. Re7 gxf4+ 33. Kxf4 Bd4
34. Re6+ Rf6 35. Rxf6+ Kxf6 36. h3 Bb2 37. Kf3 Bc1 38. Bc2 Ke5 39. h4 Bh6 40.
Bb1 f4 41. Bg6 Kd4 42. Ke2 d5 43. Bf7 Kc5 44. Kd3 f3 45. Bh5 f2 46. Be2 d4 47.
Bf1 Be3 48. h5 Kb4 49. Kc2 Ka3 50. Kb1 a5 51. Be2 Bh6 52. Bf1 Kb4 53. Kc2 Bg7
54. Be2 Ka3 55. Kb1 Bh6 56. Bf1 Bf4 57. Be2 Bg5 58. Bf1 Be3 59. Be2 Kb4 60. Kc2
Kc5 61. Kd3 Kd5 62. Bf1 Ke5 63. Be2 Kf5 64. Bf1 Kg5 65. Be2 Kh4 66. h6 Bxh6 67.
Kxd4 Kg3 68. Bf1 Kh2 69. Kd3 Kg1 70. Ke2 Bf8 71. Bh3 Kh2 72. Bf1 Kg3 73. Kd3 Kf3
74. Bh3 Bc5 75. Bf1 1/2-1/2

[Event "World Youth Boys U18 2014"]
[Site "Durban RSA"]
[Date "2014.09.20"]
[Round "1.17"]
[White "Vignesh, NR"]
[Black "Dukic, Zachary"]
[Result "1-0"]
[WhiteElo "2360"]
[BlackElo "1937"]
[WhiteFideId "25012215"]
[BlackFideId "2617188"]
[EventDate "2014.09.20"]

1. d4 Nf6 2. c4 g6 3. g3 Bg7 4. Bg2 O-O 5. Nf3 d6 6. Nc3 Nc6 7. O-O a6 8. Qd3
Bf5 9. e4 Bg4 10. h3 Bxf3 11. Bxf3 Nd7 12. Be3 e5 13. d5 Nd4 14. Bg2 b5 15. cxb5
Nc5 16. Qd2 axb5 17. b4 Na4 18. Bxd4 exd4 19. Nxb5 Nc3 20. a4 Qb8 21. Qd3 Qb6
22. Rfc1 f5 23. exf5 Rxf5 24. a5 Qa6 25. Bf1 Qb7 26. Nxc3 dxc3 27. b5 Qa7 28. b6
Qb7 29. Qe3 Raf8 30. a6 Qxb6 31. Qxb6 cxb6 32. Bb5 Ra8 33. Bd7 Rf3 34. a7 Bd4
35. Bc6 Rxf2 36. Bxa8 Rf8+ 37. Kg2 Rxa8 38. Ra4 Be5 39. Rb1 b5 40. Rxb5 c2 41.
Rb8+ Kg7 42. Rb7+ Kh6 43. Rc7 1-0

[Event "World Youth Boys U18 2014"]
[Site "Durban RSA"]
[Date "2014.09.20"]
[Round "1.18"]
[White "Andriamalala, Fanomezana"]
[Black "Akhmetov, Ayan"]
[Result "0-1"]
[BlackTitle "IM"]
[WhiteElo "1876"]
[BlackElo "2350"]
[WhiteFideId "13101056"]
[BlackFideId "13703706"]
[EventDate "2014.09.20"]

1. d4 Nf6 2. c4 e6 3. Nf3 Bb4+ 4. Nbd2 O-O 5. e3 b6 6. a3 Be7 7. Bd3 Bb7 8. O-O
d5 9. b4 c5 10. dxc5 bxc5 11. b5 a6 12. Bb2 axb5 13. cxb5 Nbd7 14. a4 Qc7 15.
Bc3 e5 16. Bf5 d4 17. exd4 exd4 18. Bb2 Ne5 19. Re1 Nxf3+ 20. Nxf3 Bd6 21. h3
Rfd8 22. Kh1 Bf8 23. Ne5 Re8 24. Nc4 Qf4 25. Qc2 Be4 26. Bxe4 Nxe4 27. Bc1 Qf5
28. Rxe4 Rxe4 29. Qd2 Qe6 0-1

[Event "World Youth Boys U18 2014"]
[Site "Durban RSA"]
[Date "2014.09.20"]
[Round "1.19"]
[White "Rindlisbacher, Lars"]
[Black "Machlik, Jon"]
[Result "0-1"]
[WhiteTitle "FM"]
[WhiteElo "2336"]
[BlackElo "1859"]
[WhiteFideId "1304178"]
[BlackFideId "1513613"]
[EventDate "2014.09.20"]

1. d4 c6 2. c4 d5 3. Nc3 e6 4. Nf3 Bd6 5. e3 f5 6. Bd3 Nf6 7. Qc2 Ne4 8. O-O Nd7
9. b3 O-O 10. Bb2 Rf6 11. cxd5 exd5 12. Ne2 Rh6 13. Ng3 Ndf6 14. Ne5 Bxe5 15.
dxe5 Ng4 16. Bxe4 fxe4 17. h3 Qh4 18. Ne2 Nh2 19. Nf4 Nf3+ 20. Kh1 Bxh3 21. gxh3
Qg4 0-1

[Event "World Youth Boys U18 2014"]
[Site "Durban RSA"]
[Date "2014.09.20"]
[Round "1.20"]
[White "Koh, Cedric"]
[Black "Menezes, Christoph"]
[Result "0-1"]
[BlackTitle "FM"]
[WhiteElo "1836"]
[BlackElo "2329"]
[WhiteFideId "3200523"]
[BlackFideId "1617001"]
[EventDate "2014.09.20"]

1. d4 Nf6 2. Bg5 Ne4 3. h4 d5 4. Nd2 Nxg5 5. hxg5 Nc6 6. g6 fxg6 7. e3 e5 8. Bb5
exd4 9. exd4 Bd7 10. Ngf3 Qe7+ 11. Qe2 Qxe2+ 12. Kxe2 Bd6 13. Rae1 Ne7 14. Bxd7+
Kxd7 15. Kd3 Nc6 16. a3 Raf8 17. c4 dxc4+ 18. Nxc4 Rf4 19. Re2 h6 20. Ne3 Rf7
21. Ng5 Rf4 22. d5 Ne5+ 23. Kc3 Rhf8 24. Ne6 Rxf2 25. Nxf8+ Rxf8 26. Rf1 Rxf1
27. Nxf1 g5 28. Ng3 Nf7 29. Nf5 Be5+ 30. Kb3 g4 31. Re4 h5 32. Nh4 Bf6 33. Ng6
Kd6 34. Re6+ Kd7 35. Nf8+ Kd8 36. Re2 Ng5 37. Kc4 h4 38. b3 h3 39. gxh3 gxh3 40.
Ne6+ Nxe6 41. dxe6 g5 42. Kd3 g4 43. Ke4 g3 44. Kf3 g2 45. Rd2+ Ke8 46. Kf2 c5
47. Rd3 0-1

[Event "World Youth Boys U18 2014"]
[Site "Durban RSA"]
[Date "2014.09.20"]
[Round "1.21"]
[White "Shetty, Atulya"]
[Black "Sidabras, Jonas"]
[Result "1-0"]
[WhiteTitle "FM"]
[WhiteElo "2328"]
[BlackElo "1828"]
[WhiteFideId "2031213"]
[BlackFideId "12806048"]
[EventDate "2014.09.20"]

1. c4 e6 2. Nf3 d5 3. b3 Nf6 4. g3 Be7 5. Bg2 O-O 6. O-O Nbd7 7. Bb2 c6 8. d3
Qc7 9. Nc3 a5 10. Rc1 Qb8 11. cxd5 exd5 12. e4 dxe4 13. dxe4 Ne5 14. Nxe5 Qxe5
15. Qc2 Qh5 16. Ne2 a4 17. Nf4 Qb5 18. h3 Nd7 19. Rfd1 axb3 20. axb3 Nc5 21. Qc3
Bf6 22. e5 Be7 23. e6 Bf6 24. Qxc5 Qxc5 25. Rxc5 Bxb2 26. e7 Re8 27. Rxc6 Bxh3
28. Nxh3 bxc6 29. Bxc6 Bf6 30. Bxa8 Rxa8 31. Rd7 Re8 32. Nf4 Bxe7 33. Nd5 Bf8
34. Rb7 h6 35. b4 Bd6 36. Rd7 Bf8 37. b5 Rb8 38. b6 Bc5 39. b7 f6 40. Rc7 Bd6
41. Rc8+ Kf7 42. Rxb8 Bxb8 43. Nb4 f5 44. Nc6 Bc7 45. b8=Q Bxb8 46. Nxb8 Ke6 47.
Kg2 g5 48. Nc6 h5 49. f4 gxf4 50. gxf4 Kd6 51. Ne5 Kd5 52. Kg3 Ke4 53. Ng6 Kd5
54. Kh4 Ke6 55. Kxh5 Kf6 56. Nh4 1-0

[Event "World Youth Boys U18 2014"]
[Site "Durban RSA"]
[Date "2014.09.20"]
[Round "1.22"]
[White "Nyamdorj, Davaaochir"]
[Black "Bida, Mihai-Eugen"]
[Result "0-1"]
[WhiteElo "1804"]
[BlackElo "2323"]
[WhiteFideId "2621843"]
[BlackFideId "1200062"]
[EventDate "2014.09.20"]

1. e4 e5 2. Nf3 Nc6 3. Bb5 a6 4. Ba4 Nf6 5. O-O Be7 6. Re1 b5 7. Bb3 d6 8. c3
O-O 9. h3 Na5 10. Bc2 c5 11. d4 Nd7 12. Nbd2 cxd4 13. cxd4 Nc6 14. Nf1 Nxd4 15.
Nxd4 exd4 16. Qxd4 Ne5 17. a4 Bxh3 18. axb5 axb5 19. Rxa8 Qxa8 20. Bf4 Be6 21.
Bxe5 dxe5 22. Qxe5 Qa5 23. Re3 Bf6 24. Qf4 Bd4 25. Rg3 Qe1 26. Bd3 b4 27. b3 f6
28. Qd2 Qxd2 29. Nxd2 Ra8 30. Kf1 Ra2 31. Ke2 Bc3 0-1

[Event "World Youth Boys U18 2014"]
[Site "Durban RSA"]
[Date "2014.09.20"]
[Round "1.23"]
[White "Torosyan, Norayr"]
[Black "Seppala, Joni"]
[Result "1-0"]
[WhiteElo "2321"]
[BlackElo "1766"]
[WhiteFideId "13300431"]
[BlackFideId "511285"]
[EventDate "2014.09.20"]

1. e4 c5 2. Nf3 d6 3. Bb5+ Bd7 4. Bxd7+ Qxd7 5. c4 Nc6 6. d4 cxd4 7. Nxd4 Nf6 8.
Nc3 e6 9. O-O Be7 10. Be3 Nxd4 11. Bxd4 O-O 12. Qe2 a6 13. a4 Rac8 14. b3 Qc6
15. f3 Rfd8 16. Rad1 Nd7 17. f4 Nc5 18. Qg4 Bf8 19. f5 exf5 20. exf5 Nxb3 21.
Bxg7 h5 22. Qg3 Kh7 23. Bxf8 Rxf8 24. Nd5 Qxc4 25. Nf6+ Kh8 26. Qg5 1-0

[Event "World Youth Boys U18 2014"]
[Site "Durban RSA"]
[Date "2014.09.20"]
[Round "1.25"]
[White "Visakh, NR"]
[Black "Kenenbaev, Aidar"]
[Result "0-1"]
[WhiteElo "2300"]
[BlackElo "1739"]
[WhiteFideId "25012223"]
[BlackFideId "13801180"]
[EventDate "2014.09.20"]

1. d4 Nf6 2. Nf3 g6 3. c4 Bg7 4. g3 O-O 5. Bg2 d6 6. O-O Nbd7 7. Nc3 e5 8. e4 c6
9. h3 Qb6 10. dxe5 dxe5 11. Qe2 Qb4 12. Be3 Qe7 13. Rfd1 Nc5 14. Qc2 Nh5 15. Qe2
Nf6 16. Ne1 Ne6 17. Nc2 Nd7 18. Qd2 Nb6 19. Qe2 f5 20. exf5 gxf5 21. Re1 f4 22.
gxf4 exf4 23. Bxb6 axb6 24. f3 Qh4 25. Qf2 Qh6 26. Kh2 Ng5 27. h4 Bf5 28. Kg1
Nh3+ 29. Bxh3 Bxh3 30. Kh2 Bf5 31. Ne4 Bxb2 32. Rab1 Bg7 33. Rxb6 Rxa2 34. Rg1
Rxc2 35. Rxg7+ Kxg7 36. Qxc2 Qxh4+ 37. Kg1 Qe1+ 38. Kh2 Bxe4 39. Rxb7+ Kh6 40.
fxe4 Qh4+ 0-1